00738nam a22001337a 4500999001500000003000400015008004100019245005200060250013500112260004200247650002700289942001200316952027600328 c9744d9744OSt201203b ||||| |||| 00| 0 eng d aJournal of The Institution of Engineers (INDIA) a2009(Jan Vol.89 No.19, Feb Vol.89 No.18, Mar Vol.89 No.18, Mar Vol.89 No.18, Mar Vol.89 No.18, Apr Vol.90 No.17, Aug Vol.90 No.18) aKolkatabThe Institution of Engineers aMechanical Engineering 2ddccBV 00102ddc3Bound Volume40718BTECHMEaPIETbPIETd2020-12-11eThe Institution of Engineersh2009(Jan Vol.89 No.19, Feb Vol.89 No.18, Mar Vol.89 No.18, Mar Vol.89 No.18, Mar Vol.89 No.18, Apr Vol.90 No.17, Aug Vol.90 No.18)l0pBV253r2020-12-11 00:00:00w2008-01-09yBV